000 00343nam a2200145Ia 4500
008 231217s9999 xx 000 0 und d
041 _aEnglish
082 _a658.3 DUN
100 _aDun Bradstreet
245 0 _aManaging your manpower
260 _c1992
_bRupa&co, B,Bay
300 _a176
650 _aManpower management
942 _cAA
999 _c165773
_d165773